000 01265nam a22002657a 4500
999 _c8793
_d8793
003 AR-CdUCM
008 190326b ||||| |||| 00| 0 spa d
020 _a978-9972-2874-3-5
040 _aMUNICIPALIDAD PROVINCIAL DEL CUSCO
_cBIBLIOTECA MUNICIPAL DEL CUSCO
082 _22ed.
_a342.211 /
_bT78
100 _aOrganización Internacional para las Migraciones
_924520
245 _aLa trata de personas: una realidad en el Perú :
_bdiagnóstico y módulo de capacitación para capacitadores /
260 _aLima :
_bOrganización Internacional para las Migraciones, Oficina Regional para los Países Andinos,
_c2007.
300 _a114 páginas ;
_bIlustraciones,
_c24 cm.
505 _aMarco conceptual de la trata de personas -- La trata de personas en el Perú -- Marco legal internacional y nacional de la trata de personas en el Perú -- Sectores del estado que interviene en la lucha contra la trata de personas ...
650 _aDerechos humanos
_93264
650 _aAspectos legales
_93379
650 _aMigración interna
_98057
650 _aExplotación sexual
_924521
650 _aTrabajo infantil
_912292
700 _aCortés, Dolores
_924522
710 _aOficina Regional para los Países Andinos
_924523
942 _2ddc
_cLIBROS
945 _aacv